Новый способ получения биметаллических Pd-M (M-Sn, Ga) наночастиц; Химия и химическая технология в XXI веке

Dades bibliogràfiques
Parent link:Химия и химическая технология в XXI веке.— 2018.— [С. 50-51]
Autor principal: Бондарчук И. С.
Autor corporatiu: Национальный исследовательский Томский государственный университет (ТГУ)
Altres autors: Курзина И. А. (научный руководитель)
Sumari:Заглавие с экрана
Idioma:rus
Publicat: 2018
Col·lecció:Химия и химическая технология неорганических веществ и материалов
Matèries:
Accés en línia:http://earchive.tpu.ru/handle/11683/49762
Format: Electrònic Capítol de llibre
KOHA link:https://koha.lib.tpu.ru/cgi-bin/koha/opac-detail.pl?biblionumber=626719

MARC

LEADER 00000naa2a2200000 4500
001 626719
005 20231101133427.0
035 |a (RuTPU)RU\TPU\conf\26276 
035 |a RU\TPU\conf\26275 
090 |a 626719 
100 |a 20180620d2018 k y0rusy50 ca 
101 0 |a rus 
102 |a RU 
105 |a y z 101zy 
135 |a drgn ---uucaa 
181 0 |a i  
182 0 |a b 
200 1 |a Новый способ получения биметаллических Pd-M (M-Sn, Ga) наночастиц  |f И. С. Бондарчук  |g науч. рук. И. А. Курзина 
203 |a Текст  |c электронный 
225 1 |a Химия и химическая технология неорганических веществ и материалов 
230 |a 1 компьютерный файл (pdf; 752 Kb) 
300 |a Заглавие с экрана 
320 |a [Библиогр.: с. 51 (2 назв.)] 
463 0 |0 (RuTPU)RU\TPU\conf\26227  |t Химия и химическая технология в XXI веке  |o материалы XIX Международной научно-практической конференции студентов и молодых ученых имени профессора Л. П. Кулёва, 21-24 мая 2018 г., г. Томск  |f Национальный исследовательский Томский политехнический университет  |v [С. 50-51]  |d 2018 
610 1 |a электронный ресурс 
610 1 |a биометаллы 
610 1 |a наночастицы 
610 1 |a поверхности 
610 1 |a каталитические системы 
610 1 |a палладий 
700 1 |a Бондарчук  |b И. С. 
702 1 |a Курзина  |b И. А.  |4 727 
712 0 2 |a Национальный исследовательский Томский государственный университет (ТГУ)  |c (2009- )  |2 stltpush  |3 (RuTPU)RU\TPU\col\17230 
801 2 |a RU  |b 63413507  |c 20180821  |g RCR 
856 4 |u http://earchive.tpu.ru/handle/11683/49762 
942 |c BK